| 000 | 00765nam a2200205Ia 4500 | ||
|---|---|---|---|
| 003 | GCL | ||
| 008 | 140319s9999 xx 000 0 ara d | ||
| 040 |
_aGCL / _cGCL |
||
| 082 | 0 | 4 |
_a091.1 _bا م |
| 100 | 1 | _aاسماعيل بن على الاكوع | |
| 245 | 1 | 0 |
_aالمخطوطات العربية فى اليمن : واقعها ومستقبلها / _cاسماعيل بن على الاكوع |
| 260 |
_aالرياض : _bمركز الملك فيصل ، _c2003 |
||
| 300 |
_a32 ص ؛ _c24 سم |
||
| 490 |
_aسلسلة المحاضرات العامة _v13 |
||
| 650 | 0 | 4 | _aالتراث العربى |
| 650 | 0 | 4 | _aالمخطوطات العربية |
| 650 | 0 | 4 | _aالمخطوطات - تحقيق |
| 650 | 0 | 4 | _aالمخطوطات اليمنية |
| 942 |
_2ddc _cBK |
||
| 999 |
_c57161 _d57161 |
||